PRESIDENTIAL WIVES / (Record no. 616183)

000 -LEADER
fixed length control field 00377nam a22001457a 4500
020 ## - INTERNATIONAL STANDARD BOOK NUMBER
Qualifying information PB.
040 ## - CATALOGING SOURCE
Transcribing agency FIZZA ISHAQ
082 ## - DEWEY DECIMAL CLASSIFICATION NUMBER
Classification number 973.0992
Author Mark PAU
100 ## - MAIN ENTRY--PERSONAL NAME
Personal name JR.BOLLER,F.PAUL.
9 (RLIN) 133162
245 ## - TITLE STATEMENT
Title PRESIDENTIAL WIVES /
Statement of responsibility, etc. PAUL F.BOLLER,JR.
250 ## - EDITION STATEMENT
Edition statement 2ND EDITION.
260 ## - PUBLICATION, DISTRIBUTION, ETC.
Place of publication, distribution, etc. NEW YORK ;
Name of publisher, distributor, etc. OXFORD UNIVERSITY ,
Date of publication, distribution, etc. 1988.
300 ## - PHYSICAL DESCRIPTION
Extent 553 P. ;
Dimensions 7.9X5.2IN
942 ## - ADDED ENTRY ELEMENTS (KOHA)
Source of classification or shelving scheme
Koha item type Book
Holdings
Withdrawn status Lost status Source of classification or shelving scheme Damaged status Not for loan Permanent Location Current Location Shelving location Date acquired Total Checkouts Full call number Barcode Date last seen Price effective from Koha item type
          NUST Baluchistan Campus (NBC) NUST Baluchistan Campus (NBC) General Stacks 02/12/2026   973.0992 PAU QD-933 02/12/2026 02/12/2026 Book
© 2023 Central Library, National University of Sciences and Technology. All Rights Reserved.